| 000 | 00872nam a2200277 4500 | ||
|---|---|---|---|
| 003 | EG-GICUC | ||
| 005 | 20260330131818.0 | ||
| 008 | 260330s1929 -uk||||fr|||| 00| 0 eng d | ||
| 040 |
_aEG-GiCUC _cEG-GiCUC _dEG-GiCUC _erda |
||
| 082 | 0 | 4 |
_221 _a341.33 _bAD . E |
| 092 | 0 | 4 | _221 |
| 099 | _aLaw1 11 341.33 AD . E 1929 | ||
| 100 | 1 |
_aAdair, E. R. _eAuthor. |
|
| 245 | 1 | 4 |
_aThe exterritotiality of ambassadors in the sixteenth and seventeenth centuries / _cE. R. Adair. |
| 264 | 1 |
_aLondon : _bLongmans, _c1929. |
|
| 300 |
_a282 pages ; _c24 cm |
||
| 336 |
_2rda content _atext |
||
| 337 |
_2rda media _aComputer |
||
| 338 |
_2rda carrier _aOnline Resource |
||
| 500 | _aIncludes index. | ||
| 546 | _aText in English | ||
| 650 | 1 | 4 | _aPublic international law |
| 856 | 4 | 0 | _uhttps://fll.law.cu.edu.eg/fulltext/bks/B11-06532.pdf |
| 905 | _a30 | ||
| 942 |
_2ddc _cBK _e21 _n0 |
||
| 999 |
_c67568 _d67568 |
||